000 01029cab a2200241 4500
001 ##L135032
008 060920n2006 000 0 eng u
035 _a(Sirsi) u135032
041 0 _aeng
100 1 _aStringer, Ian
245 0 0 _aEG
_boffices
260 _c2006
490 0 _aEstates Gazette
_v(0637) 16 September 2006, 99-119(15)
520 _aA report on the UK office market which includes figures for take up, availability, yields and rents for offices in nine regional centres. Also discusses British Land's 201 Bishopgate and Broadgate Tower development, examines regional speculative development, looks at the implications of the reduction in the average amount of office space per person and analyses the increasing role of serviced offices. Tables.
590 _aIKA031006
651 4 _aUnited Kingdom
_y
690 _aPROPERTY-COMMERCIAL PROPERTY-OFFICE PROPERTY
700 1 _aCunningham, Daniel
700 1 _aKivlehan, Noella Pio
700 1 _aHarris, David
700 1 _aNorman, Paul
942 _n0
999 _c77757
_d77757